Регионална библиотека "Любен Каравелов" - Русе

Емил Кюлев (Запис номер 80361)

MARC детайли
000 -Лидер
Контролно поле с фиксирана дължина 02020nam a2200421 c 4500
003 - Код на организацията, давaща контролен номер
Контролно поле BLK
005 - Дата и час на последна редакция
Контролно поле 20250507112043.0
008 - Елементи от данни с фиксирана дължина
fixed length control field 180408b bul|||||r ||||||| ||bul||
010 ## - Наследен системен номер
LC control number KNG00084846000
020 ## - Международен стандартен номер на книга ISBN
Международен стандартен номер на книга ISBN 978-954-340-103-1
-- издат.: Ню медиа груп
040 ## - Източник на каталожния запис
Идентификатор на билиотеката - собственик на записа BLK
041 ## - Код за език
Код за езика на текст/звукозапис или на отделно заглавие Български
Код за езика КДБФ Български
080 ## - УДК
Текстов определител УДК Вътрешна политика. Вж и 329
УДК код - определител по УДК 323
УДК определител (497.2)(092)
УДК - код + определител 323(497.2)(092)
080 ## - УДК
Текстов определител УДК Банки. Банково дело - Банкови операции
УДК код - определител по УДК 336.71
УДК определител (497.2)(092)
УДК - код + определител 336.71(497.2)(092)
080 ## - УДК
Текстов определител УДК Специална част на наказателното право. Видове наказуеми действия - Срещу собствена или чужда държава и управлението, политически престъпления,геноцид(прав.аспекти), наркотрафик, против мира, обществен
УДК код - определител по УДК 343.3/.7
УДК определител (497.2)(092)
УДК - код + определител 343.3/.7(497.2)(092)
080 ## - УДК
Текстов определител УДК
УДК код - определител по УДК 929 Кюлев, Емил Александров
УДК определител
УДК - код + определител 929 Кюлев, Емил Александров
139 ## - Редно поле
Редна дума Емил Кюлев
Авторски знак Кю - К 99
245 10 - Сведения за заглавието
Заглавие Емил Кюлев
257 ## - Страна на издаване
Страна на създаване/издаване България
260 ## - Област на издателските данни
-- София
Име на издателя, разпространителя и проч. Ню медиа груп
Година на издаване 2008
Печатница София : Мултипринт
300 ## - Физическа характеристика
Страници 109 с.
Илюстрации и др. със сн.
Размери/Мащаб 20 см
380 ## - Жанр
Жанр Обществени науки
490 1# - СЕРИИ (Колекции)
Име на серия Колекция Убитите босове
№: серия 4
600 14 - Име на лице, използвано като предмет
За него / За нея Кюлев, Емил Александров
9 (RLIN) 299626
650 #4 - Допълнително описание по предмет – тема
Основно описание – тема или топоним Финансисти, български
9 (RLIN) 263969
650 #4 - Допълнително описание по предмет – тема
Основно описание – тема или топоним Предприемачество
9 (RLIN) 167569
650 #4 - Допълнително описание по предмет – тема
Основно описание – тема или топоним Мафия - България
9 (RLIN) 250884
653 ## - Ключова дума – ненормативна
Ключова дума банкери
653 ## - Ключова дума – ненормативна
Ключова дума предприемачество
653 ## - Ключова дума – ненормативна
Ключова дума бизнес поведение
653 ## - Ключова дума – ненормативна
Ключова дума Емил Кюлев
852 ## - Местоположение
Форматна сигнатура Цб 240745
856 4# - Електронен адрес и достъп
Електронен формат pdf - файл
Път до файла /url/
856 4# - Електронен адрес и достъп
Електронен формат pdf - файл
Път до файла /url/
942 ## - АРТИКУЛИ
Вид на библиотечния материал Книги
Скрит в OPAC Не
Koha issues (borrowed), all copies 5
944 ## - СЪЗДАВАНЕ И РЕДАКЦИЯ на ЗАПИСА
Създаване/Редакция Създаване
Дата на регистрацията/редакция 14.08.2008
Служител, извършил регистрацията/редакцията 30542
Статус, дата на статуса Русанова Ирена
944 ## - СЪЗДАВАНЕ И РЕДАКЦИЯ на ЗАПИСА
Създаване/Редакция Редакция
Дата на регистрацията/редакция 29.04.2009
Служител, извършил регистрацията/редакцията
999 ## - СИСТЕМНИ КОНТРОЛНИ НОМЕРА
Koha biblionumber 80361
Koha biblioitemnumber 80361
Наличности
Код за отписване Код за изгубен артикул Код за повреда Коз за рестрикции Код за отдаване Артикулен № Име на библиотеката - собственик Име на библиотеката, в която се намира в момента Статус (Текущо местоположение) Дата на вписване в системата Местоположение - отдел Цена в лева Инвентарен номер Систематично азбучна сигнатура Баркод Номер на екземпляра Цена в евро Служебна бележка Служебен тип на артикула
  Не е изгубен Не е повреден без рестрикции заемане за дома 130238 Регионална библиотека "Любен Каравелов" Русе Регионална библиотека "Любен Каравелов" Русе Заемна - подръчен фонд 2008-08-14 Заемна - подръчен фонд 4.00 120000727968 П 323(497.2)(092)/К 99 120000727968 1 2.05 Дост: Pk Вид: Ф N: 6874 Дата: 01.08.2008 Дата инв: 02.02.2018 Бележки инв: П2018 Книги
  Не е изгубен Не е повреден без рестрикции заемане за дома 130239 Регионална библиотека "Любен Каравелов" Русе Регионална библиотека "Любен Каравелов" Русе Заемна - подръчен фонд 2008-08-14 Заемна - подръчен фонд 4.00 120000727969 П 323(497.2)(092)/К 99 120000727969 2 2.05 Дост: Pk Вид: Ф N: 6874 Дата: 01.08.2008 Дата инв: 02.02.2018 Бележки инв: П2018 Книги
  Не е изгубен Не е повреден без рестрикции ползва се в читалня 130240 Регионална библиотека "Любен Каравелов" Русе Регионална библиотека "Любен Каравелов" Русе Хранилище 2009-04-02 Хранилище 4.00 120000734695 Цб 240745 120000734695 3 2.05 Дост: Dp Вид: Д N: 44 Дата: 15.10.2008 Книги
Vip Innovations Ltd, Rousse, Bulgaria 2025